000 00541nam a22001817a 4500
003 CEME
005 20210628202338.0
008 210120b xxu||||| |||| 00| 0 eng d
020 _a0-13-345711-7
040 _cceme
082 _a621.3822 KAY-P
100 _aKay, Steven.M
_959460
245 _aFundamentals of statistical signal processing : vol-i ,estimation theory
260 _aNEW JERSEY
_bPRENTICE HALL
_c1993
300 _aXII,594P
650 _aSIGNAL PROCESSING- STATISTICAL METHODS.ESTIMATION THEORY
_959461
942 _cBK
_2ddc
999 _c569435
_d569435